000
00371nam a2200169Ia 4500
003
0100
008
130303s9999 xx 000 0 und d
040
_c
ARRUPELIB
050
_a
JC71.S62K721984
100
_a
Kraut, Richard
245
_a
Socrates and the state
260
_a
Princeton NJ
260
_b
Princeton UP
260
_C
1984
300
_a
338p
942
0
0
_0
2
999
_c
24192
_d
24192